| 000 | 00534nam a2200193 a 4500 | ||
|---|---|---|---|
| 005 | 20240924070644.0 | ||
| 008 | 041116s1978 mx r 000 0 spa d | ||
| 020 | _a9681601904 | ||
| 035 | _aUPN01000136424 | ||
| 049 | _aCG | ||
| 050 | 4 |
_aD16.7 _bK3.38 |
|
| 100 | 1 |
_aKant, Immanuel, _d1724-1804 |
|
| 245 | 1 | 0 |
_aFilosofía de la historia / _cEmmanuel Kant ; pról. y tr. Eugenio Imaz. |
| 260 |
_aMéxico : _bFCE, _c1978. |
||
| 300 | _a147 p. | ||
| 440 | 0 |
_aPopular ; _v147 |
|
| 650 | 4 |
_aHistoria _xFilosofía _96938 |
|
| 905 | _aLibro | ||
| 999 |
_c108575 _d108575 |
||